00680nam a2200241 a 4500001001300000003000900013005001700022008004100039020001000080082001500090100001700105245003100122260004400153300000900197500003500206505001000241650001200251700001700263902000800280942000700288952013000295999001300425nice12345678IN_TiNIC20260116011349.0050524s1964 luca grp 000 0 eng  ac10000a294.6bLOE aLoehlin, C H aSikhs and Their Scriptures aLucknowbLucknow Publishing Housec1964 a115p aincludes index and biblioraphy2 aindex aSikhism1 aLoehlin, C H bSRS cBK 001040708StackRoom-aHMIbHMId2007-07-26g100.00l1m1o294.6 LOEp02516r2017-12-13s2017-08-14v100.00w2005-05-24yBK c883d883